| 000 | 01364nam a2200277Ia 4500 | ||
|---|---|---|---|
| 001 | D4705 | ||
| 003 | IT-RoPAU | ||
| 008 | 130308s9999 xx 000 0 und d | ||
| 040 | _aIT-RoPAU | ||
| 040 | _cIT-RoPAU | ||
| 041 | _aITALIANO | ||
| 100 | _aSassi Silvio | ||
| 100 | _gCodice Aut. SPICS: 9119 | ||
| 245 | _a"Comunicazione come ""cultura"": profili della comunicazione, oggi" | ||
| 245 | _b"Comunicazione Come ""Cultura"": profili della Comunicazione, Oggi" | ||
| 250 | _a1a ed. | ||
| 260 | _bEdizioni Vivere In/Roma | ||
| 260 | _c1995 [1° Ed.:1995 - Ed.Ling.Originale:1995] | ||
| 300 | _a"14 p. (prefazione: no ; testo: 14)" | ||
| 500 | _aProfilo della Comunicazione Odierna. Comunicazione Come somma di Tecnologie. Comunicazione Come Industria. Comunicazione Come insieme di Linguaggi Specifici: mezzo e Messaggio, Informazione e Commento, Punto di Vista e Visione totale, Natura e Cultura, Parola e Immagine, Linearità e Associazione, Logica e Successione, Momentaneo e Duraturo, presente Passato e Futuro, Univocità e Pluralità, Realtà e Finzione, presenza Corporea e presenza Mediale, Monosemia e Polisemia. Comunicazione Come progetto di Società. conseguenze per la Comunità Ecclesiale. | ||
| 650 | _aSAGGI PASTORALE COMUNICAZIONE SOCIALE | ||
| 650 | _eCodice materia Spics: 9311 | ||
| 942 | _cBK | ||
| 957 | _71 | ||
| 999 |
_c95551 _d95551 |
||
| 999 | _g1 | ||